LEADER 01793oas 2200673 a 450 001 9910143778603321 005 20260218113034.0 011 $a2199-9139 035 $a(DE-599)ZDB2238026-7 035 $a(OCoLC)71986850 035 $a(CONSER) 2012252293 035 $a(CKB)991042726075200 035 $a(DE-599)2238026-7 035 $a(EXLCZ)99991042726075200 100 $a20061006a19739999 sy 101 0 $aeng 135 $aur||||||||||| 181 $ctxt$2rdacontent 182 $cc$2rdamedia 183 $acr$2rdacarrier 200 00$aAdult education and development 210 $a[Bonn, Germany] $c[DVV International] 215 $a1 online resource 300 $aRefereed/Peer-reviewed 311 08$a0342-7633 517 1 $aE?ducation des adultes et de?veloppement 517 1 $aEducacio?n de adultos y desarrollo 606 $aEducation$zDeveloping countries$vPeriodicals 606 $aAdult education$zDeveloping countries$vPeriodicals 606 $aAdult education$2fast$3(OCoLC)fst00797275 606 $aEducation$2fast$3(OCoLC)fst00902499 607 $aDeveloping countries$2fast 608 $aPeriodicals.$2fast 615 0$aEducation 615 0$aAdult education 615 7$aAdult education. 615 7$aEducation. 676 $a374/.4172/4 712 02$aDVV International 801 0$bOCLCS 801 1$bOCLCS 801 2$bOCLCS 801 2$bOCLCQ 801 2$bNTE 801 2$bWAU 801 2$bOCLCQ 801 2$bOCLCF 801 2$bOCLCO 801 2$bOCLCQ 801 2$bAU@ 801 2$bOCL 801 2$bSRU 801 2$bCUS 801 2$bOCLCL 801 2$bOCLCQ 906 $aJOURNAL 912 $a9910143778603321 996 $aAdult education and development$92234997 997 $aUNINA